书目信息 |
| 题名: |
金融开放进程中人民币汇率若干问题研究
|
|
| 作者: | ;中央财经大学 著 | |
| 分册: | ||
| 出版信息: | 北京 人民出版社 2013.9 |
|
| 页数: | 255页 | |
| 开本: | 24cm | |
| 丛书名: | ||
| 单 册: | ||
| 中图分类: | F832.63 | |
| 科图分类: | ||
| 主题词: | 人民币汇率--研究 , 人民币汇率 | |
| 电子资源: | ||
| ISBN: | 978-7-01-012079-9 | |
| 000 | 01365nam0 2200253 450 | |
| 001 | 523 | |
| 005 | 20140909165229.92 | |
| 010 | @a978-7-01-012079-9@dCNY40.00 | |
| 100 | @a20131105d2013 em y0chiy50 ea | |
| 101 | 0 | @achi |
| 102 | @aCN@b110000 | |
| 105 | @ay z 000yy | |
| 106 | @ar | |
| 200 | 1 | @a金融开放进程中人民币汇率若干问题研究@AJin Rong Kai Fang Jin Cheng Zhong Ren Min Bi Hui Lu^ Ruo Gan Wen Ti Yan Jiu@dIssues of RMB exchange rates in the process of China's financial openning@f中央财经大学中国金融发展研究院著@FZhong Yang Cai Jing Da Xue Zhong Guo Jin Rong Fa Zhan Yan Jiu Yuan Zhu@zeng |
| 210 | @a北京@c人民出版社@d2013.9 | |
| 215 | @a255页@d24cm | |
| 330 | @a本书借助现代金融经济理论和计量经济工具,对金融开放进程中人民币汇率的若干重要和热点问题进行了理论分析和实证研究。全书分为三个部分,第一部分主要从宏观角度研究人民币汇率问题,探讨了人民币均衡汇率的合适模型和影响均衡汇率的宏观因素;第二部分从微观的角度研究人民币汇率波动与实体经济的关系,研究人民币汇率波动对行业价值的影响;第三部分研究汇率与股票市场的关系。 | |
| 510 | 1 | @aIssues of RMB exchange rates in the process of China's financial openning@zeng |
| 606 | 0 | @a人民币汇率@x研究 |
| 606 | 0 | @a人民币汇率 |
| 690 | @aF832.63@v5 | |
| 711 | 02 | @a中央财经大学@AZhong Yang Cai Jing Da Xue@b中国金融发展研究院@4著 |
| 801 | 0 | @aCN@bTANGWEI@c20140603 |
| 905 | @b0838279-81@dF832.63@e122@f3 | |
| 金融开放进程中人民币汇率若干问题研究=Issues of RMB exchange rates in the process of China's financial openning/中央财经大学中国金融发展研究院著.-北京:人民出版社,2013.9 |
| 255页;24cm |
| ISBN 978-7-01-012079-9:CNY40.00 |
| 本书借助现代金融经济理论和计量经济工具,对金融开放进程中人民币汇率的若干重要和热点问题进行了理论分析和实证研究。全书分为三个部分,第一部分主要从宏观角度研究人民币汇率问题,探讨了人民币均衡汇率的合适模型和影响均衡汇率的宏观因素;第二部分从微观的角度研究人民币汇率波动与实体经济的关系,研究人民币汇率波动对行业价值的影响;第三部分研究汇率与股票市场的关系。 |
| ● |
| 相关链接 |
|
|
|
|
正题名:金融开放进程中人民币汇率若干问题研究
索取号:F832.63/122
 
预约/预借
| 序号 | 登录号 | 条形码 | 馆藏地/架位号 | 状态 | 备注 |
| 1 | 0838279 | 208382793 | 第一样本阅览室/ [索取号:F832.63/122] | 在馆 | |
| 2 | 0838280 | 208382800 | 密集书库-海洋学院/ [索取号:F832.63/122] | 在馆 | |
| 3 | 0838281 | 208382819 | 第一借阅区/ [索取号:F832.63/122] | 在馆 |